000 00406nam a2200181Ia 4500
008 210210b1952 xxu||||| |||| 00| 0 eng d
041 _aeng
082 _a829/836
100 _aPATON (A)
245 _aCry the beloved country
260 _aLondon
_bJonathan Cape
_c1952
650 _athe
650 _aCry
650 _acountry
650 _abeloved
690 _aEnglish Fiction
906 _a017434
999 _c137401
_d137401